000 01090nas a2200349 4500
001 BR2010005580
003 BR-BrBNA
005 20231205114819.0
007 ta
008 230509b bl.|||p| |||| 00| 00por d
040 _aBR-BrBNA
_bpor
_cBiblioteca Nacional de Agricultura
041 _a(Pt)
072 _aL51
100 1 _aPires, A.J.Reis, R.A.
100 1 _aCarvaho, G.G.P.
100 1 _aSiqueira, G.R.
100 1 _aBernardes, T.F.
100 1 _aRuggieri, A.C.
100 1 _aRoth, M.T.P.
245 1 _aDegradabilidade ruminal da matéria seca, da proteína bruta e da fração fibrosa de silagens de milho, de sorgo e de Brachiaria brizantha
650 _aGADO NELORE
650 _aMATÉRIA SECA
650 _aFORRAGEM
650 _aVALOR NUTRITIVO
650 _aPROTEÍNA BRUTA
650 _aSILAGEM
650 _aMILHO
650 _aRÚMEN
773 0 _tArquivo Brasileiro de Medicina Veterinária e Zootecnia (Brazil)
_xISSN 0102-0935
_g(Apr 2010), v. 62(2) p. 391-400
_wBR2010005580
909 _a202311
_bLúcia
_c55
_dLúcia Elande
942 _2AGRIS
_n0
_cANA
999 _c210626
_d210626